[Event "45th Olympiad 2024"]
[Site "Budapest HUN"]
[Date "2024.09.11"]
[Round "1.27"]
[Board "2"]
[White "Martinovic, Sasa"]
[Black "Mwale, Joseph"]
[Result "1-0"]
[WhiteElo "2563"]
[BlackElo "2063"]
[PlyCount "141"]
[EventDate "2024.09.11"]
[WhiteTeam "Croatia"]
[BlackTeam "Malawi"]
[WhiteTeamCountry "CRO"]
[BlackTeamCountry "MWI"]

1. d4 e6 2. c4 Nf6 3. Nc3 Bb4 4. e3 d5 5. a3 Bxc3+ 6. bxc3 c5 7. cxd5 exd5 8. Bd3 Nc6 9. Ne2 O-O 10. f3 Re8 11. O-O Rb8 ({RR} 11... Be6 12. Bd2 Rc8 13. Be1 cxd4 14. cxd4 Bd7 15. Qd2 b6 16. Bh4 Qe7 17. Bf2 Na5 18. Qb4 Nc4 19. Qxe7 Rxe7 20. Bxc4 Rxc4 21. Rfc1 Bb5 22. Nc3 Bc6 23. Nd1 Rxc1 24. Rxc1 Re6 25. Nb2 h6 26. g4 {½-½ Aleksandrov,A (2574)-Zhang,Z (2645) Wch Blitz Doha 2016 (11)}) 12. Nf4 $146 ({RR} 12. Re1 b5 13. Ng3 a5 14. Bb2 h5 15. Qd2 h4 16. Nf5 c4 17. Bc2 Nh5 18. Qf2 g5 19. g4 Bxf5 20. Bxf5 Ng7 21. Bc2 b4 22. axb4 axb4 23. Kh1 b3 24. Bb1 Rb7 25. Ra6 Qc8 26. Ra4 Ne7 {0-1 Kantorik,M (2251)-Vojtek,V (2336) SVK-chT 1415 2014 (3.4)}) ({RR} 12. Ng3 h5 13. Ra2 b5 14. Raf2 a5 15. h3 b4 16. axb4 axb4 17. cxb4 c4 18. Bb1 Nxb4 19. e4 h4 20. Ne2 Ba6 21. Bg5 Nd3 22. e5 Nxf2 23. Rxf2 Qb6 24. Bc2 Nd7 25. f4 f6 26. Bxh4 fxe5 {1-0 Bordignon,A (2044)-Deepan,C (2435) 14th Dolomiti Open 2023 (1.4)}) ({RR} 12. Rb1 a6 13. a4 Bd7 14. Ng3 Qc7 15. Kh1 g6 16. e4 cxd4 17. cxd4 Be6 18. e5 Nd7 19. Ba3 Qa5 20. Bd6 Rbc8 21. f4 Nxd4 22. f5 Nxf5 23. Nxf5 gxf5 24. Rxf5 Nf8 25. Bb4 Qd8 26. Rh5 Ng6 {1-0 Greet,A (2392)-Mwale,J (2131) Olympiad-44 Chennai 2022 (3.1)}) ({RR} 12. Ng3 b5 13. Rb1 Qa5 14. Bd2 c4 15. Bc2 Qxa3 16. e4 Rd8 17. Ra1 Qe7 18. Bg5 h6 19. Bxf6 Qxf6 20. exd5 Ne7 21. Qe1 Nxd5 22. Qe4 Qg6 23. Qxg6 fxg6 24. Rxa7 Nxc3 25. Bxg6 Rd6 26. Ne4 Ne2+ {0-1 Kurtvapov,R-Parfenov,V (2280) RUS-ch sf Krasnodar 1999 (8)}) 12... b5 13. g4 a5 14. h4 b4 15. axb4 axb4 16. g5 Nd7 17. Nxd5 bxc3 18. Be4 Nf8 19. dxc5 Bh3 20. Rf2 Ne6 21. Nxc3 Nxc5 22. Qxd8 Nxd8 23. Rb2 Rxb2 24. Bxb2 Nxe4 25. Nxe4 Nc6 26. Kf2 Nb4 27. Bc3 Nd5 28. Bd4 Rc8 29. Ra7 Rc7 30. Ra5 Ne7 31. Nd6 Bd7 32. e4 Nc8 33. Ra8 h6 34. gxh6 gxh6 35. f4 Kh7 36. f5 Kg8 37. Ke3 Kf8 38. Bf6 Rc6 39. e5 Rc1 40. Rb8 Rc7 41. Kf4 Kg8 42. Kg4 Kh7 43. Kh5 Ba4 44. Kg4 Bd7 45. h5 Kg8 46. Kf4 Kf8 47. Ke4 Rc1 48. Kd4 Rd1+ 49. Ke3 Rc1 50. Kd2 Rc7 51. Kd3 Rc1 52. Rb7 Nxd6 53. Rxd7 Ne8 54. Be7+ Kg8 55. Ra7 Rc8 56. Ra1 Ng7 57. Ke4 Nxh5 58. f6 Ng3+ 59. Kf4 Ne2+ 60. Ke3 Nc3 61. Kd4 Nb5+ 62. Ke4 Nc3+ 63. Kf5 Nd5 64. Rg1+ Kh8 65. e6 fxe6+ 66. Kxe6 Nf4+ 67. Kd7 Ra8 68. f7 Ra7+ 69. Kd6 Ra6+ 70. Ke5 Ne6 71. Rg6 1-0

[Event "45th Olympiad 2024"]
[Site "Budapest HUN"]
[Date "2024.09.11"]
[Round "1.27"]
[Board "3"]
[White "Chipanga, Chiletso"]
[Black "Livaic, Leon"]
[Result "0-1"]
[WhiteElo "2089"]
[BlackElo "2550"]
[PlyCount "94"]
[EventDate "2024.09.11"]
[WhiteTeam "Malawi"]
[BlackTeam "Croatia"]
[WhiteTeamCountry "MWI"]
[BlackTeamCountry "CRO"]

1. e4 c5 2. Nf3 Nc6 3. c3 Nf6 4. e5 Nd5 5. Bc4 Nb6 6. Bb3 c4 7. Bc2 d5 ({RR} 7... Qc7 8. O-O Nxe5 9. Nxe5 Qxe5 10. a4 e6 11. a5 Nd5 12. d3 cxd3 13. Qxd3 Nf4 14. Bxf4 Qxf4 15. Na3 Be7 16. Rfd1 g6 17. g3 Qb8 18. Nb5 d5 19. c4 O-O 20. cxd5 exd5 21. Nc3 Be6 22. Nxd5 {½-½ Savchenko,B (2559)-Mamedov,R (2660) Nakhchivan op 2014 (7)}) 8. h3 ({RR} 8. d4 cxd3 9. Bxd3 Bg4 10. Nbd2 e6 11. h3 Bxf3 12. Nxf3 Be7 13. O-O O-O 14. Re1 Nd7 15. Bf4 Qb6 16. Qc2 h6 17. Rad1 Rfc8 18. Qb1 a5 19. Bg3 a4 20. a3 Nc5 21. Bc2 Na5 22. Nd4 Nc4 {1-0 Fronda,J (2072)-Padmini,R (2348) Swiss Queens Wed #19 2024 (8.67)}) 8... Qc7 $146 ({RR} 8... g6 9. O-O Bg7 10. Re1 Qc7 11. Qe2 Be6 12. Na3 Nd7 13. Nb5 Qb6 14. Nfd4 Nxd4 15. Nxd4 Bxe5 16. Nxe6 Qxe6 17. d4 cxd3 18. Bxd3 Bf6 19. Qxe6 fxe6 20. Rxe6 Ne5 {0-1 Lange,D-Freisler,P (2270) Prague Metro 1990 (8)}) ({RR} 8... e6 9. O-O Be7 10. d4 cxd3 11. Qxd3 Nd7 12. Re1 b6 13. Bf4 Bb7 14. Nbd2 Rc8 15. Nf1 a6 16. Ng3 g5 17. Be3 h5 18. Bd4 Nc5 19. Qe2 h4 20. Nf1 b5 21. Qe3 Nxd4 22. cxd4 Ne4 23. Rec1 {1-0 Alahakoon,I (2047)-Kurukulasuriya,P (2079) SRI-ch Colombo 2013 (10)}) 9. Qe2 Nd7 10. e6 fxe6 11. O-O e5 12. b3 cxb3 13. axb3 e4 14. Ne1 Nf6 15. d3 e5 16. dxe4 d4 17. f4 dxc3 18. fxe5 Nxe5 19. Bf4 Bd6 20. Kh1 O-O 21. Nf3 Nh5 22. Bh2 Nxf3 23. Rxf3 Rxf3 24. Qxf3 Bxh2 25. Qxh5 Qe5 26. Qe2 Be6 27. Na3 Bf4 28. Nc4 Qg5 29. Qf3 Rf8 30. Rf1 Bd6 31. Qe2 Rxf1+ 32. Qxf1 Bc7 33. Qd3 b5 34. Ne3 Qe5 35. Nf1 a5 36. Kg1 Bb6+ 37. Kh1 Qd4 38. Qxd4 Bxd4 39. Ng3 b4 40. Ne2 Be3 41. Bd1 a4 42. bxa4 Bc4 43. Nxc3 bxc3 44. Bc2 Kf7 45. Kh2 Ke6 46. Kg3 Be2 47. a5 Ke5 0-1

[Event "45th Olympiad 2024"]
[Site "Budapest HUN"]
[Date "2024.09.11"]
[Round "1.28"]
[Board "1"]
[White "Vocaturo, Daniele"]
[Black "Van Bemmelen, Ursus"]
[Result "1-0"]
[WhiteElo "2600"]
[BlackElo "2146"]
[PlyCount "43"]
[EventDate "2024.09.11"]
[WhiteTeam "Italy"]
[BlackTeam "Netherlands Antilles"]
[WhiteTeamCountry "ITA"]
[BlackTeamCountry "AHO"]

1. e4 e6 2. d4 d5 3. e5 c5 4. c3 Qb6 5. Nf3 Bd7 6. Be2 Bb5 7. Bxb5+ Qxb5 8. Na3 Qd7 9. Nc2 Nc6 10. O-O cxd4 11. cxd4 Nge7 12. Qd3 $146 ({RR} 12. a3 Na5 13. Nd2 Ng6 14. b4 Nc6 15. Nf3 a6 16. Bd2 Be7 17. Rc1 O-O 18. g3 f6 19. exf6 Rxf6 20. Bg5 Rf7 21. Bxe7 Qxe7 22. Qd2 Raf8 23. Ng5 Rf5 24. f4 h6 25. Nf3 h5 26. Ne3 R5f6 {½-½ Neumann,J (1758)-Girona,M (1548) Florianopolis op 5th 2019 (9)}) ({RR} 12. Ne3 Ng6 13. h4 Be7 14. h5 Nh4 15. Nxh4 Bxh4 16. Qg4 Be7 17. Qxg7 O-O-O 18. Qg4 f6 19. exf6 Bxf6 20. Nc2 Rhg8 21. Qh3 Nxd4 22. Nxd4 Bxd4 23. Be3 Bxe3 24. Qxe3 Kb8 25. Rfe1 Qf7 26. Qxe6 Qxh5 {½-½ Macovei,A (2479)-Juksta,K (2400) 57th Biel Master Open 2024 (5.10)}) ({RR} 12. h4 h5 13. Qd3 Nf5 14. Bd2 Be7 15. g3 Rc8 16. Rfe1 a6 17. Rac1 Qd8 18. Ne3 Nxe3 19. Rxe3 Qb6 20. Qb1 Kd7 21. Rb3 Qa7 22. Kg2 Rc7 23. Rbc3 g6 24. Qd3 Rhc8 25. Qe3 Nd8 26. Rxc7+ Rxc7 {1-0 Jones,G (2666)-Di Benedetto,E (2407) ITA-chTA 53rd 2022 (5.3)}) 12... h5 13. Bg5 Nf5 14. Ne3 Be7 15. Nxf5 exf5 16. Bxe7 Nxe7 17. Ng5 Rh6 18. h4 Rb6 19. Rfe1 Rc8 20. Qe2 g6 21. e6 fxe6 22. Qe5 1-0

[Event "45th Olympiad 2024"]
[Site "Budapest HUN"]
[Date "2024.09.11"]
[Round "1.29"]
[Board "2"]
[White "Pultinevicius, Paulius"]
[Black "Colindres, Daniel"]
[Result "1-0"]
[WhiteElo "2587"]
[BlackElo "2079"]
[PlyCount "91"]
[EventDate "2024.09.11"]
[WhiteTeam "Lithuania"]
[BlackTeam "Honduras"]
[WhiteTeamCountry "LTU"]
[BlackTeamCountry "HON"]

1. d4 Nf6 2. c4 e6 3. Nc3 Bb4 4. Qb3 c5 5. dxc5 Nc6 6. Nf3 O-O ({RR} 6... Qa5 7. Bd2 Qxc5 8. e3 O-O 9. a3 Bxc3 10. Bxc3 Ne4 11. Bd3 Nxc3 12. Qxc3 b6 13. O-O Bb7 14. Rfd1 Rac8 15. Rac1 Rfd8 16. b4 Qf8 17. c5 Nb8 18. Qd4 Bxf3 19. gxf3 bxc5 20. Rxc5 Rxc5 21. Qxc5 {½-½ Piket,J (2605)-Ljubojevic,L (2600) Monaco m Monte Carlo 1994 (5)}) 7. a3 ({RR} 7. Bg5 h6 8. Bh4 g5 9. Bg3 Ne4 10. Qc2 f5 11. e3 Qf6 12. Rc1 Nxc3 13. bxc3 Bxc5 14. h4 g4 15. Nd2 e5 16. h5 d6 17. Nb3 Ba3 18. Rd1 Be6 19. Be2 Qf7 20. f3 gxf3 21. gxf3 Kh8 {1-0 Majumder Shrayan (1916)-Manish Anto,C (2349) 1st Bangalore Int Open 2024 (6.36)}) 7... Bxc5 8. Bg5 Nd4 $146 ({RR} 8... Be7 9. e3 b6 10. Be2 Bb7 11. O-O Rc8 12. Rad1 Na5 13. Qa2 Ne4 14. Nxe4 Bxe4 15. Bxe7 Qxe7 16. b4 Bxf3 17. gxf3 Nc6 18. f4 a5 19. Qd2 axb4 20. axb4 Rc7 21. Qd6 Qxd6 22. Rxd6 Nxb4 23. Rfd1 {0-1 Pap,G (2429)-Mendonca,L (2623) AimChess Rapid Play-In 2023 (6.65)}) ({RR} 8... Be7 9. Rd1 Na5 10. Qa2 Qc7 11. e3 a6 12. Be2 b6 13. O-O Bb7 14. b4 Nc6 15. Rc1 Rac8 16. Rfd1 Rfd8 17. Qb1 Qb8 18. h3 h6 19. Bh4 d6 20. Rd2 Ne8 21. Bg3 Ne5 22. Nxe5 dxe5 23. Rcd1 {1-0 Krush,I (2429)-Khademalsharieh,S (2494) Speed Chess (Women) GP4 blitz 2020 (1.4)}) 9. Nxd4 Bxd4 10. e3 Qa5 11. exd4 Qxg5 12. Nb5 d5 13. c5 e5 14. Qe3 Qxe3+ 15. fxe3 exd4 16. exd4 Re8+ 17. Kd2 Ne4+ 18. Kc2 Nf2 19. Nd6 Re3 20. Rg1 Ne4 21. Nxc8 Rxc8 22. b4 Rc6 23. Bd3 Nf2 24. Rge1 Rce6 25. Rxe3 Rxe3 26. Bf5 g6 27. Kd2 Re7 28. Rf1 Ne4+ 29. Bxe4 Rxe4 30. Kd3 Kf8 31. b5 f5 32. g3 Ke7 33. a4 Kd7 34. a5 Kc7 35. Rb1 f4 36. gxf4 Rxf4 37. b6+ axb6 38. axb6+ Kc6 39. Re1 Rf3+ 40. Re3 Rf2 41. Re7 Rxh2 42. Rc7+ Kb5 43. Rxb7 Rh3+ 44. Ke2 Rh4 45. Rc7 Rh2+ 46. Kf3 1-0

[Event "45th Olympiad 2024"]
[Site "Budapest HUN"]
[Date "2024.09.11"]
[Round "1.29"]
[Board "3"]
[White "Gavarrete, Joel"]
[Black "Kazakouski, Valery"]
[Result "0-1"]
[WhiteElo "2059"]
[BlackElo "2577"]
[PlyCount "86"]
[EventDate "2024.09.11"]
[WhiteTeam "Honduras"]
[BlackTeam "Lithuania"]
[WhiteTeamCountry "HON"]
[BlackTeamCountry "LTU"]

1. e4 c5 2. Nf3 Nc6 3. d4 cxd4 4. Nxd4 Nf6 5. Nc3 d6 6. Be2 e5 7. Nb3 Be7 8. Be3 Be6 9. O-O O-O 10. Kh1 a5 11. Nd2 ({RR} 11. Bb5 Na7 12. Bd3 Nc8 13. f4 Nb6 14. fxe5 dxe5 15. Nc5 Bg4 16. Qe1 Qc7 17. Qf2 Bh5 18. h3 Bg6 19. a3 Nc8 20. N5a4 Qc6 21. Bb5 Nxe4 22. Qf3 Qe6 23. Nxe4 Bxe4 24. Qxe4 Nd6 25. Qd3 e4 {1-0 Drenchev,P (2450)-Babaev,R (2484) Creon op 13th 2008 (6)}) ({RR} 11. f4 a4 12. Nd2 a3 13. b3 Nb4 14. Nc4 exf4 15. Bxf4 d5 16. exd5 Nfxd5 17. Nxd5 Nxd5 18. Bd2 Rc8 19. Bd3 Nb4 20. Be2 Qc7 21. Bf4 Qc6 22. Bf3 Qa6 23. Be2 Rfd8 24. Qc1 Bf6 25. c3 Nd3 {0-1 Turkova,K (1876)-Camacho Collados,M (2469) 35th Pula Open 2023 (1.2)}) 11... Rb8 $146 ({RR} 11... Rc8 12. Nd5 Nxd5 13. exd5 Bxd5 14. Nc4 Bxc4 15. Bxc4 Nb4 16. Bb3 Kh8 17. c3 Nc6 18. f4 Bf6 19. Qd3 Qe7 20. Rad1 Rcd8 21. Bb6 Ra8 22. Rfe1 Ra6 23. Bg1 Rd8 24. Bc4 Raa8 25. Bb6 Rd7 26. a4 {½-½ Schroeer,H-Kuehler,W Ruhr-ch Seniors 8th 2001 (9)}) ({RR} 11... d5 12. exd5 Nxd5 13. Nxd5 Bxd5 14. Nc4 Bxc4 15. Bxc4 Qc7 16. Qe2 Rad8 17. Rfd1 Nd4 18. Bxd4 exd4 19. Bd3 Rfe8 20. Qg4 Qc5 21. Re1 Bf6 22. Re4 g6 23. Rae1 Rxe4 24. Qxe4 b5 25. g3 b4 26. b3 {½-½ Szukalski,A (1914)-Ponceleusz,B (1945) Warsaw YMCA Summer-B 64th 2009 (1)}) 12. a4 d5 13. exd5 Nxd5 14. Nxd5 Qxd5 15. Bc4 Qd7 16. c3 Bxc4 17. Nxc4 Qe6 18. Qe2 e4 19. Rfe1 f5 20. Bf4 Rbe8 21. f3 Bc5 22. Rad1 Qf7 23. Nd6 Bxd6 24. Bxd6 exf3 25. Qxf3 Rxe1+ 26. Rxe1 Rd8 27. Bf4 h6 28. h4 Qc4 29. Bg3 Rf8 30. Qe2 Qxa4 31. Qe6+ Kh7 32. c4 Qb3 33. Bd6 Rf6 34. Qd5 Qxb2 35. Re8 Qa1+ 36. Kh2 Qd4 37. Qg8+ Kg6 38. Bg3 f4 39. h5+ Kxh5 40. Be1 Kg6 41. Bh4 Ne5 42. Bxf6 Ng4+ 43. Kh3 Qd3+ 0-1

[Event "45th Olympiad 2024"]
[Site "Budapest HUN"]
[Date "2024.09.11"]
[Round "1.29"]
[Board "4"]
[White "Pidluznij, Gleb"]
[Black "Soliz Gabarrete, Luis Fernando"]
[Result "1-0"]
[WhiteElo "2425"]
[BlackElo "1920"]
[PlyCount "69"]
[EventDate "2024.09.11"]
[WhiteTeam "Lithuania"]
[BlackTeam "Honduras"]
[WhiteTeamCountry "LTU"]
[BlackTeamCountry "HON"]

1. e4 c6 2. Nf3 d5 3. d3 Bg4 4. h3 Bh5 5. Nbd2 ({RR} 5. g4 Bg6 6. Qe2 e6 7. Ne5 Nd7 8. Nxg6 hxg6 9. exd5 cxd5 10. Bg2 Be7 11. c4 Nb6 12. Nc3 Nf6 13. g5 Nh5 14. cxd5 Nxd5 15. Nxd5 exd5 16. h4 O-O 17. O-O Re8 18. Qf3 Bd6 19. Bd2 Qb6 {0-1 Carlsen,M (2863)-Svane,R (2613) Katara Bullet Final blitz 2020 (1.5)}) 5... Nd7 6. d4 $146 ({RR} 6. Be2 e6 7. O-O Bd6 8. b3 Ne7 9. Bb2 O-O 10. Nh4 Ng6 11. Bxh5 Qxh4 12. Bxg6 hxg6 13. Nf3 Qh5 14. Re1 f6 15. exd5 exd5 16. Nd4 Qxd1 17. Raxd1 Rfe8 18. Nf3 Kf7 19. h4 a5 20. Rxe8 Rxe8 {1-0 Kamsky,G (2661)-Dreev,A (2623) Chess.com Rapid Wk11 Swiss 2022 (7)}) ({RR} 6. g4 Bg6 7. Bg2 e6 8. Qe2 Qc7 9. O-O h5 10. Nh4 O-O-O 11. g5 Bd6 12. Ndf3 Ne7 13. Re1 dxe4 14. Nxg6 Nxg6 15. Qxe4 Kb8 16. b4 Nb6 17. Rb1 Nd5 18. Rb3 Ngf4 19. Bxf4 Nxf4 20. b5 f5 {1-0 Isanzhulov,A (2402)-Senthil,M (2365) Dubai Police Open A 2024 (8.55)}) ({RR} 6. Be2 e6 7. O-O Bd6 8. exd5 cxd5 9. Nd4 Bg6 10. f4 Ne7 11. N2f3 O-O 12. Be3 Nc6 13. Qd2 Qe7 14. Rae1 Rae8 15. Bd1 Qd8 16. c3 f6 17. b4 a6 18. Bb3 Nb6 19. Kh1 Bc7 20. Nxc6 bxc6 {1-0 Glek,I (2443)-Poltorak,S (2368) BSV BEM Masters 2023 (5.2)}) 6... dxe4 7. Nxe4 Ngf6 8. Ng3 Bg6 9. Nh4 Qc7 10. Nxg6 hxg6 11. Be2 O-O-O 12. c3 e5 13. dxe5 Nxe5 14. Qa4 Nd3+ 15. Bxd3 Rxd3 16. Qxa7 Qe5+ 17. Ne2 Nd5 18. Qa8+ Kc7 19. Qa5+ Kc8 20. Bf4 Qe6 21. Qa8+ Kd7 22. Qxb7+ Kd8 23. Qb8+ Kd7 24. Qb7+ Kd8 25. Bg3 g5 26. O-O Rh6 27. Nd4 Qc8 28. Qxf7 Rf6 29. Qh5 c5 30. Qxg5 Qd7 31. Nf3 Rdxf3 32. gxf3 Kc8 33. Rad1 Rf5 34. Qg6 Bd6 35. Qxd6 1-0

[Event "45th Olympiad 2024"]
[Site "Budapest HUN"]
[Date "2024.09.11"]
[Round "1.30"]
[Board "4"]
[White "Farisse, Joao"]
[Black "Ramsdal, Jens Albert"]
[Result "1-0"]
[WhiteElo "1851"]
[BlackElo "2328"]
[PlyCount "119"]
[EventDate "2024.09.11"]
[WhiteTeam "Mozambique"]
[BlackTeam "Denmark"]
[WhiteTeamCountry "MOZ"]
[BlackTeamCountry "DEN"]

1. c4 {Finn,Julius} Nf6 2. Nf3 e6 3. Nc3 d5 4. d4 c5 5. e3 a6 6. b3 cxd4 7. exd4 Bb4 8. Bd2 dxc4 ({RR} 8... Nc6 9. a3 Be7 10. c5 Ne4 11. Bd3 f5 12. O-O Bf6 13. Ne2 g5 14. Be3 Bd7 15. b4 h5 16. Ne5 Nxe5 17. dxe5 Bxe5 18. Bd4 Bxd4 19. Nxd4 Qf6 20. Bxe4 dxe4 21. Rc1 Rd8 22. Qd2 Bb5 23. Rfd1 {0-1 Kanyamarala,T (2294)-Budisavljevic,L (2483) Titled Tue 26th Mar Late 2024 (2)}) 9. bxc4 O-O 10. Qb3 Ba5 $146 ({RR} 10... Nc6 11. Rd1 Qa5 12. Bd3 Rd8 13. Ne2 Bxd2+ 14. Rxd2 Nxd4 15. Nexd4 e5 16. O-O exd4 17. Be2 Re8 18. Bd1 Be6 19. Rxd4 b5 20. Be2 Nd7 21. Ng5 Nf8 22. Qb2 Bxc4 23. Bxc4 bxc4 {0-1 Radulovic,D (2303)-Sekulic,D (2340) SRB-ch qual Belgrade 2007 (8)}) ({RR} 10... Nc6 11. Rd1 Qa5 12. Bd3 e5 13. d5 Nd4 14. Nxd4 exd4 15. Ne2 Bxd2+ 16. Rxd2 b5 17. c5 Rd8 18. d6 Bb7 19. Kd1 Rac8 20. Rc2 Ne4 21. Bxe4 Bxe4 22. Rc1 d3 23. Nd4 d2 24. Rc3 Rxd6 25. Nf3 {0-1 Rosenfeld,H-Johner,P Match Johner-Rosenfeld +7-2=1 1909 (2)}) 11. Bd3 e5 12. Ne4 Nxe4 13. Bxe4 Bxd2+ 14. Nxd2 Qxd4 15. Rd1 Nd7 16. O-O Nf6 17. Rfe1 Qc5 18. Bd5 Bg4 19. Rc1 Rad8 20. Qg3 Qc7 21. Nf1 Rfe8 22. Ne3 Bc8 23. Qh4 Qe7 24. Qg3 Nh5 25. Qf3 Nf4 26. Rcd1 b6 27. Bc6 Rxd1 28. Rxd1 Rd8 29. Nd5 Nxd5 30. cxd5 Qd6 31. Rc1 g6 32. Qe3 b5 33. h4 Kg7 34. Qb6 h5 35. Re1 Re8 36. f4 f6 37. Qa7+ Re7 38. fxe5 fxe5 39. Qe3 Bf5 40. Rf1 Rf7 41. Re1 Re7 42. Rf1 Bd7 43. Qf2 Kh7 44. Qf8 Bf5 45. Be8 Qb6+ 46. Kh1 Rg7 47. d6 Qd4 48. Qf6 Qg4 49. Bf7 Be4 50. Rf2 Bd5 51. Be8 Be6 52. Qxe5 Qxh4+ 53. Kg1 Qg4 54. Rf8 h4 55. Rf4 Qd1+ 56. Kh2 g5 57. Rd4 Qf1 58. Qxe6 Qf2 59. Qe4+ Kh6 60. d7 1-0

[Event "45th Olympiad 2024"]
[Site "Budapest HUN"]
[Date "2024.09.11"]
[Round "1.32"]
[Board "1"]
[White "Mchedlishvili, Mikheil"]
[Black "Gurner, Jem"]
[Result "1-0"]
[WhiteElo "2574"]
[BlackElo "2091"]
[PlyCount "79"]
[EventDate "2024.09.11"]
[WhiteTeam "Georgia"]
[BlackTeam "Jersey"]
[WhiteTeamCountry "GEO"]

1. c4 Nf6 2. g3 g6 3. Bg2 Bg7 4. Nc3 O-O 5. d4 d6 6. Nf3 Nc6 7. d5 Na5 8. b3 c5 9. Bb2 a6 10. O-O Ne4 $146 ({RR} 10... Rb8 11. Re1 b5 12. cxb5 axb5 13. e4 Bg4 14. Qc2 Bxf3 15. Bxf3 Nd7 16. Be2 b4 17. Nd1 Bxb2 18. Qxb2 e5 19. Ne3 Qc7 20. Rac1 Qa7 21. Bd3 Rb7 22. Qe2 Qb8 23. Rc2 Ra7 24. h4 Qd8 25. Kg2 {0-1 Tran,N (2268)-Vo,T VIE-chT Hue 1999 (7)}) ({RR} 10... Rb8 11. a4 e5 12. e4 Ne8 13. Ne1 f5 14. exf5 gxf5 15. Qc2 Nf6 16. Nd3 Bd7 17. Rfe1 Qb6 18. Ra3 Rbe8 19. Bc1 Kh8 20. f3 Qd8 21. Nf2 Ng8 22. Bd2 b6 23. Ne2 Qf6 24. Raa1 Bh6 25. Bc3 {1-0 Le,Q (2728)-Amin,B (2694) 56th Biel GM Blitz 2023 (14.3)}) ({RR} 10... Rb8 11. Nd2 b5 12. Qc1 e5 13. dxe6 Bxe6 14. cxb5 axb5 15. Nce4 Bf5 16. Nxf6+ Bxf6 17. Ne4 Bxe4 18. Bxe4 Bxb2 19. Qxb2 Qe7 20. Bg2 Rfc8 21. Rfd1 c4 22. Qa3 Qc7 23. Rd5 Nc6 24. Qxd6 Qxd6 25. Rxd6 {1-0 Indjic,A (2603)-Dau Khuong Duy (2397) Dubai Police Open A 2024 (1.22)}) 11. Qc1 Nxc3 12. Bxc3 b5 13. h4 h5 14. Bxg7 Kxg7 15. Qc3+ Kg8 16. Nd2 Rb8 17. f4 Bg4 18. e4 e6 19. e5 b4 20. Qb2 Bf5 21. Ne4 Bxe4 22. Bxe4 exd5 23. Bxd5 Kh7 24. Rae1 Qc7 25. e6 fxe6 26. Rxe6 Rbe8 27. f5 Rxe6 28. fxg6+ Rxg6 29. Rxf8 Qg7 30. Qxg7+ Kxg7 31. Rf7+ Kh8 32. Kg2 Rg8 33. Ra7 Re8 34. Ra8 Rxa8 35. Bxa8 Kg7 36. g4 hxg4 37. Kg3 Kh6 38. Kxg4 Kg6 39. h5+ Kh6 40. Be4 1-0

[Event "45th Olympiad 2024"]
[Site "Budapest HUN"]
[Date "2024.09.11"]
[Round "1.32"]
[Board "2"]
[White "Carpenter, Paul A"]
[Black "Kacharava, Nikolozi"]
[Result "0-1"]
[WhiteElo "1985"]
[BlackElo "2511"]
[PlyCount "64"]
[EventDate "2024.09.11"]
[WhiteTeam "Jersey"]
[BlackTeam "Georgia"]
[BlackTeamCountry "GEO"]

1. b3 e5 2. Bb2 Nc6 3. d3 d5 ({RR} 3... g6 4. Nd2 Bg7 5. g3 Nge7 6. Bg2 O-O 7. e3 d5 8. Ne2 h5 9. h3 Be6 10. a3 a5 11. Nf3 Qd6 12. d4 exd4 13. Nexd4 Nxd4 14. Bxd4 c5 15. Bxg7 Kxg7 16. O-O a4 17. Qd2 axb3 18. cxb3 {0-1 Hess,R (2591)-Dubov,D (2720) Titled Tuesday intern op 15th Feb Late blitz 2022 (3)}) 4. e3 ({RR} 4. Nd2 a5 5. a4 Be6 6. e3 f5 7. Ngf3 Bd6 8. Be2 Nf6 9. d4 e4 10. Ng5 Bd7 11. O-O h6 12. Bh5+ g6 13. Bxg6+ Ke7 14. Nf7 Qg8 15. Nxh8 Qg7 16. c4 Rxh8 17. Bh5 Nb4 18. c5 Bxh2+ {1-0 Rajaram,R (2062)-Antonio,J (2277) Titled Tue 4th Jun Early 2024 (3)}) 4... Nf6 5. Nd2 Bd6 6. Ne2 $146 ({RR} 6. Be2) ({RR} 6. Be2 Bf5 7. Ngf3 Qe7 8. Nh4 Be6 9. a3 O-O-O 10. c4 d4 11. e4 Nxe4 12. Nxe4 Qxh4 13. g3 Qe7 14. b4 f5 15. Nd2 e4 16. O-O exd3 17. Bxd3 Ne5 18. Qc2 Nxd3 19. Qxd3 Be5 20. Nf3 Bf6 {0-1 McBryde,L-Sherman,D (2100) USA-chT Amateur East 2011 (2)}) 6... Qe7 7. a3 h5 8. h3 Bf5 9. g3 e4 10. d4 Nd8 11. c4 c6 12. Nc3 Ne6 13. c5 Bc7 14. b4 Ng5 15. Qa4 Qe6 16. b5 O-O 17. Ne2 Nxh3 18. Nf4 Nxf4 19. gxf4 Bg4 20. Be2 Bxf4 21. Bxg4 Nxg4 22. Rxh5 Nxe3 23. fxe3 Bg3+ 24. Kf1 g6 25. Rh1 Qf5+ 26. Ke2 Qg4+ 27. Kf1 Kg7 28. Qd1 Qf5+ 29. Kg2 Qf2+ 30. Kh3 Rh8+ 31. Kg4 f5+ 32. Kg5 Qxe3# 0-1

[Event "45th Olympiad 2024"]
[Site "Budapest HUN"]
[Date "2024.09.11"]
[Round "1.32"]
[Board "3"]
[White "Paichadze, Luka"]
[Black "Belzo, Krzysztof"]
[Result "1-0"]
[WhiteElo "2516"]
[BlackElo "2076"]
[PlyCount "61"]
[EventDate "2024.09.11"]
[WhiteTeam "Georgia"]
[BlackTeam "Jersey"]
[WhiteTeamCountry "GEO"]

1. e4 c5 2. Nf3 Nc6 3. Bb5 Nf6 4. Bxc6 dxc6 5. d3 Bg4 6. h3 Bh5 7. Nc3 Qc7 8. Be3 Nd7 9. g4 Bg6 10. Nh4 e6 11. f4 Be7 12. g5 $146 ({RR} 12. Nf3 f6 13. Qd2 O-O-O 14. O-O-O c4 15. d4 Bb4 16. f5 exf5 17. exf5 Bf7 18. Bf4 Bxc3 19. bxc3 Qa5 20. Bh2 Qa3+ 21. Kb1 Nc5 22. Qf4 Na6 23. Qd2 Rd5 24. Qc1 Rb5+ {0-1 Paichadze,L (2516)-Zhigalko,S (2572) Titled Tue 6th Aug Late 2024 (7)}) ({RR} 12. Nxg6 hxg6 13. Qf3 Bh4+ 14. Bf2 O-O-O 15. O-O-O Kb8 16. Kb1 Rh7 17. e5 Bxf2 18. Qxf2 Rdh8 19. Qe3 g5 20. Ne4 gxf4 21. Qxf4 f6 22. Rdf1 Qxe5 23. Qxe5+ Nxe5 24. Nxc5 Rxh3 25. Rxh3 Rxh3 26. Nxe6 Nxg4 {0-1 Matinian,N (2436)-Zhigalko,S (2572) Titled Tuesday intern op 13th July blitz 2021 (5)}) 12... Nf8 13. Qg4 f6 14. O-O-O Bf7 15. Rhg1 Rg8 16. gxf6 gxf6 17. Qf3 Rxg1 18. Rxg1 Ng6 19. Qh5 f5 20. Qxh7 Bxh4 21. Rxg6 Qe7 22. Rh6 Be1 23. Qh8+ Qf8 24. Bxc5 Qg8 25. Qf6 Kd7 26. Qe7+ Kc8 27. Bd6 Qd8 28. Rh8 Bd2+ 29. Kxd2 Be8 30. Rxe8 Qxe8 31. Qc7# 1-0